000 00904nam a2200229Ii 4500
003 JO-AjNU
008 230605s9999||||xx |||||||||||||| ||und||
017 _a2013/6/1993
020 _a978-9957-16-838-4
040 _aJO-AjNU
_bara
_erda
_cJO-AjNU
041 _aara
050 1 4 _aKMM49.U82 2014
100 3 _aالعتيبي، جهاد صالح,
_eauthor
_959627
245 0 0 _aالقواعد القضائية في شرح القانون المدني: العقد=Judicial Rules in Explaining The Civil Law :The Contract، الجزء الثاني
250 _aالطبعة الاولى
264 3 1 _aعمان: دار الثقافة للنشر والتوزيع، 2014
300 _aج2: 727ص
336 _atext
_btxt
_2rdacontent
337 _aunmediated
_bn
_2rdamedia
338 _avolume
_bnc
_2rdacarrier
650 4 _aالقانون المدني-اصول المحاكمات-الاردن
_959628
999 _aA26842
_c30410
_d30410